Operacja zimowo-wiosenna Karola X Gustawa w 1656 roku na ziemi przemyskiej
| Titel: | Operacja zimowo-wiosenna Karola X Gustawa w 1656 roku na ziemi przemyskiej |
|---|---|
| Verfasser: | |
| In: |
Rzeczpospolita w latach potopu, (1996), Seite 179-200 alle Artikel anzeigen |
| Veröffentlicht: | 1996 |
| Format: | Aufsatz |
| Sprache: | Polnisch |
X
alg: 39254069 001A $01999:11-11-16 001B $03025:13-03-26 $t15:10:27.000 001D $01999:11-11-16 001U $0utf8 001X $00 002@ $0Aox 003@ $039254069X 007A $039254069X $aHEB 007T $0Herdc0066579h 010@ $apol 011@ $a1996 021A $aOperacja zimowo-wiosenna Karola X Gustawa w 1656 roku na ziemi przemyskiej 028A $aPrzyboś $dKazimierz 031A $h179-200 $j1996 039B $aIn $8--Aau--. Rzeczpospolita w latach potopu. - Wyd. 1. - Kielce, 1996. - ISBN 83-7133-056-1 $x199600000000000821 $9058941207 044K $RJohann Casimir $REleonore $RHedwig Eleonora $RKarl $RGustav Carlsson $#Karl GustavX. $#Karl Gustav $#Carolus Gustavus $#Karl Gustaf X. $#Carl Gustav X. $#Carl Gustaf X. $#Karl Gustav $#Carl Gustav $#Carolus Gustavus $#Carl Gustav $#Carl Gustaff $#Carl Gustaffen $#Karl Gustav $#Carl Gustav $#Carl Gustav $#Karl Gustav $#Karl X. $#Carolus Gustavus $#Karl Gustaf X. $#Carl Gustaf X. $#Carl Gustav $#C. G. $#Carl Gustaf X. $#Der Erhabene $#Erhabene, Der $#Carl Gustavus $7118720945 $8$PKarl X. Gustav$lSchweden, König$Z1622-1660 [Tp1] $9087061732 044K $#Ziemia przemyska $#Przemyśl ziemia $#Przemyśler Land $74443972-6 $8Przemyśl$zRegion [Tg1] $9088794342 044K $RKrieg $#Swedish-Polish War, 1655-1660 $#Guerre suédo-polonaise (1655-1660) $#1. Nordischer Krieg $#Erster Nordischer Krieg $#Nordischer Krieg 1655-1660 $#Schwedisch-Polnisch-Russisch-Dänischer Krieg $#Polnisch-schwedischer Krieg 1655-1660 $#Schwedisch-polnischer Krieg 1655-1660 $#Zweiter Nordischer Krieg 1655-1661 $#Zweiter Polnisch-Schwedischer Krieg $#Kleiner Nordischer Krieg $74172004-0 $8Schwedisch-polnisch-dänischer Krieg [Ts1] $9085793493 045F $a900.943809031 $eDDC23BSB 045F/01 $a900 045F/03 $f09031 045F/03 $f9032 045F/03 $f9033 045F/03 $g438 lok: 39254069 78 exp: 39254069 78 1 #EPN 201B/01 $004-09-18 $t22:45:40.000 201U/01 $0utf8 203@/01 $078863867X 208@/01 $a11-11-16 $be 209A/01 $a/ $f000 $x00 220C/01 $aTitelaufnehmer: ej 220C/01 $aAnmerkung: *ng 244Z/01 $2Trx $#Poola $#Lenkija $#Polija $#Polen Land $#Poland $#Lengyelország $#Poľsko $#Polsko $8--Trx--Polska$gkraj $x01 $9391345966 244Z/01 $#Ziemia przemyska $#Przemyśl ziemia $#Przemyśler Land $74443972-6 $8--Tg1--Przemyśl$zRegion $x02 $9088794342 244Z/01 $aGeschichte 1656 $x03 244Z/01 $2Trx $#Karl X. Gustav $8--Trx--$PKarl X.$Z1622-1660 $x04 $9390874752 244Z/01 $2Trx $#sõda, poola-rootsi-taani 1655-1660 $#Švedijos, Lenkijos ir Danijos karas? $#War, Swedish-Polish-Danish 1655-1660 $#háború, lengyel-svéd-dán 1655-1660 $#wojna polsko-szwedzko-duńska 1655-1660 $#vojna švédsko-poľsko-dánska 1655-1660 $#válka polsko-švédsko-dánská 1655-1660 $#Švedų tvanas $#Krieg, Erster Nordischer 1655-1660 $#Krieg, Nordischer $#háború, első északi 1655-1660 $#háború, északi $#potop szwedzki $#vojna nórska 1655-1660 $#válka severní 1655-1660 $8--Trx--Krieg, schwedisch-polnisch-dänischer$g1655-1660 $x05 $9391371231 244Z/01 $2Trx $8--Trx--Einzelbeiträge $x06 $9391384570 245Z/01 $a06.03.02 $x01 247C/01 $82080>Marburg/Lahn, Herder-Institut, Forschungsbibliothek, Bibliographieportal $9336309341
| LEADER | 00000caa a22000002c 4500 | ||
|---|---|---|---|
| 001 | 39254069X | ||
| 003 | DE-603 | ||
| 005 | 20260313151027.0 | ||
| 007 | tu | ||
| 008 | 161111s1996 xx |||| | u00||u|pol c | ||
| 035 | |a (DE-599)HEB39254069X | ||
| 040 | |a DE-603 |b ger |c DE-603 |d DE-603 | ||
| 041 | |a pol | ||
| 082 | 0 | 4 | |8 1\u |a 900.943809031 |q DE-101 |2 23/BSB |
| 085 | |8 1\u |b 900 | ||
| 085 | |8 1\u |z 1 |s 09031 | ||
| 085 | |8 1\u |z 1 |s 9032 | ||
| 085 | |8 1\u |z 1 |s 9033 | ||
| 085 | |8 1\u |z 2 |s 438 | ||
| 100 | 1 | |a Przyboś, Kazimierz | |
| 245 | 0 | 0 | |a Operacja zimowo-wiosenna Karola X Gustawa w 1656 roku na ziemi przemyskiej |
| 264 | 0 | |c 1996 | |
| 600 | 0 | 7 | |a Karl X. Gustav |c Schweden, König |d 1622-1660 |0 (DE-588)118720945 |0 (DE-603)087061732 |2 gnd |
| 650 | 7 | |a Schwedisch-polnisch-dänischer Krieg |0 (DE-588)4172004-0 |0 (DE-603)085793493 |2 gnd | |
| 651 | 7 | |a Przemyśl |0 (DE-588)4443972-6 |0 (DE-603)088794342 |2 gnd | |
| 773 | 0 | 8 | |i In |t Rzeczpospolita w latach potopu |b Wyd. 1 |d Kielce, 1996 |z 8371330561 |g (1996), Seite 179-200 |w (DE-603)058941207 |
| 924 | 0 | |9 2080 |a (DE-603)78863867X |b DE-2080 |c HES |d d |g / | |


